| 000 | 01738nam a2200277Ia 4500 | ||
|---|---|---|---|
| 003 | Ost | ||
| 005 | 20260507074938.0 | ||
| 008 | 260507s9999||||xx |||||||||||||| ||und|| | ||
| 020 | _a9789957493332 | ||
| 040 | _cfsecg | ||
| 041 | _aara | ||
| 082 | _a657.42 | ||
| 100 |
_aالربيعي، كمال حسن جمعة _eمؤلف |
||
| 245 | 0 |
_aمحاسبة التكاليف الصناعية : _bمنهاج علمي و عملي / _c كمال حسن جمعة الربيعي |
|
| 250 | _aطبعة 1 | ||
| 260 |
_aعمان: _bاثراء للنشر و التوزيع, _c2008 |
||
| 300 |
_a392 صفحة؛ _bإيضاحات ؛ _c24 سم |
||
| 504 | _aبيبليوغرافيا ص. 389 | ||
| 520 | _aيتناول هذا الكتاب محاسبة التكاليف الصناعية وقد قسم إلى ثلاثة أبواب ، الباب الاول المفاهيم الاساسية :طبيعة التكلفة ومحاسبة التكاليف ، نظام محاسبة التكاليف ، تحليل التعادل نظريات تحميل التكاليف ،الباب الثاني عناصر التكاليف : السيطرة والرقابة على عنصر المواد ، السيطرة والرقابة على عنصر الأجور ،السيطرة والرقابة على التكاليف الصناعية غير مباشرة الباب الثالث نظم تكاليف: تكاليف أوامر العمل ، تكاليف المقاولات تكاليف المراحل الانتاجية | ||
| 653 | _aتكاليف صناعية | ||
| 653 | _aمحاسبة | ||
| 653 | _aمحاسبة التكاليف | ||
| 653 | _aمحاسبة تحليلية | ||
| 700 |
_aالساقي، سعدون مهدي _eمؤلف ثانوي |
||
| 942 | _cكتاب | ||
| 999 |
_c41907 _d41907 |
||